Towers of the Tower of London - Statistics

General Stats
  • This quiz has been taken 13 times
  • The average score is 2 of 21
Answer Stats
Answer % Correct
Bloody Tower
50%
White Tower
50%
Bell Tower
33%
Wakefield Tower
33%
Beauchamp Tower
17%
Bowyer Tower
0%
Brick Tower
0%
Broad Arrow Tower
0%
Byward Tower
0%
Constable Tower
0%
Cradle Tower
0%
Develin Tower
0%
Deveraux Tower
0%
Flint Tower
0%
Lanthorn Tower
0%
Martin Tower
0%
Middle Tower
0%
Salt Tower
0%
St Thomas's Tower
0%
Wardrobe Tower
0%
Well Tower
0%
No matching quizzes found
Score Distribution
Percent of People with Each Score
Percentile by Number Answered
Your Score History
You have not taken this quiz